1532 1189 1603 1245 1639 1600 1492 1614 1409 1375 1904 1856 1445 1305 1845 1081 1398 1717 1250 1762 1004 1539 1448 1249 1499 1663 1974 1933 1128 1764 1436 1350 1115 1836 1027 1254 1958 1529 1946 1263 1403 1848 1444 1795 1018 1546 1403 1290 1963 1884 1722 1022 1932 1084 1330 1322 1273 1109 1951 1290 1462 1425 1732 1384 1840 1684 1406 1240 1258 1214 1672 1321 1706 1662 1334 1627 1788 1662 1767 1214 1313 1168 1605 1056 1733 1451 1807 1349 1202 1169 1964 1334 1848 1271 1041 1220 1383 1074 1797 BCNSPRNW ULIB Ver.6.0+V

เปลี่ยนเป็นภาษาไทย

Change to English
 แสดงรายละเอียดบรรณานุกรม
  กลับหน้าหลัก

Brief Record : Get Marc (ISO 2709) : E-mail record : QR code < ปิดหน้าต่าง
LEADER : 00000nam 2200000uu 4500
001    13399114803
003     ULIB
008    120522s2555||||th 000 0 tha d
050  4 LB2324^bส181อ
110 1  สถาบันพระบรมราชชนก กระทรวงสาัธารณสุข
111 2  การสัมมนาวิชาการ
245 00 เอกสารสืบเนื่องจากการสัมมนาวิชาการ การแลกเปลี่ยนความรู้ทั้งภายในและภายนอกองค์กรเพื่อสร้างนวัตกรรมด้านการพัฒนาการประกันคุณภาพการศึกษา โดยพัฒนาการปฏิบัติงานที่ดี (Good Practice)/^cสถาบันพระบรมราชชนก กระทรวงสาัธารณสุข
246 0  การแลกเปลี่ยนความรู้ทั้งภายในและภายนอกองค์กรเพื่อสร้างนวัตกรรมด้านการพัฒนาการประกันคุณภาพการศึกษา โดยพัฒนาการปฏิบัติงานที่ดี (Good Practice)
260    นนทบุรี:^bกลุ่มงานประกันคุณภาพการศึกษา กลุ่มพัฒนาการศึกษา สถาบันพระบรมราชชนก,^c2555
300    553 หน้า^bภาพประกอบ,^c30 ซม
500    เอกสารสืบเนื่องจากการสัมมนาวันที่ 27-28 กุมภาพันธ์ 2555 ณ โรงแรมเอเซีย แอร์พอร์ท
650  4 นวัตกรรมการศึกษา
650  4 การปฏิบัติงานที่ดี
650  7 Good Practice
710 1  กลุ่มงานประกันคุณภาพการศึกษา กลุ่มพัฒนาการศึกษา สถาบันพระบรมราชชนก
945    ^p0^l0^i031793
945    ^p0^l0^i031794
945    ^p0^l0^i031795
999 ^a ใช้งานได้ทุกระบบ
รายการนี้ยังไม่มีแท็ก
คุณยังไม่ได้ล็อกอิน คุณสามารถมีกิจกรรมร่วมกับเว็บไซต์ได้ แต่ต้องล็อกอินก่อน ::
  ล็อกอิน

รายการสื่อสารสนเทศ

ลำดับที่ ประเภท เลขเรียก/บาร์โค้ด สถานที่ สถานะ
- ไม่พบข้อมูล -

รายการใกล้เคียง
    หัวเรื่อง [นวัตกรรมการศึกษา]
    หัวเรื่อง [การปฏิบัติงานที่ดี]
    หัวเรื่อง [Good Practice]

BibComment


ยังไม่เคยถูกคอมเมนท์

คอมเมนท์ทรัพยากรรายการนี้
  คอมเมนท์: เอกสารสืบเนื่องจา..


 Copyright 2026. Bcnsprnw @Library